[Event "COL-ch sf"]
[Site "Pereira"]
[Date "2024.03.29"]
[Round "6"]
[White "Chavez Duero, Brayan Steven"]
[Black "Valderrama Quiceno, Esteban Alberto"]
[Result "0-1"]
[WhiteElo "2062"]
[BlackElo "2428"]
[PlyCount "82"]
[EventDate "2024.03.26"]
[EventType "swiss"]
[EventRounds "11"]
[EventCountry "COL"]
[SourceTitle "CB14_2024"]
[SourceDate "2024.04.01"]
[SourceVersion "1"]
[SourceVersionDate "2024.04.01"]
[SourceQuality "1"]

1. e4 c5 2. Nf3 Nc6 3. Bb5 g6 4. 0-0 Bg7 5. Re1 Nf6 6. c3 0-0 7. e5 Nd5 8. d4 cxd4 9. cxd4 d6 10. Nc3 Be6 11. Bg5 dxe5 12. dxe5 Nxc3 13. bxc3 Qc7 14. Bxc6 bxc6 15. Bf4 Bd5 16. Qe2 c5 17. c4 Bb7 18. Nd2 a5 19. Qe3 Qc6 20. f3 Rfc8 21. Rab1 Ba6 22. Kh1 Qe6 23. Qe4 Rd8 24. Rb2 Rac8 25. Rc1 h6 26. Qe3 g5 27. Bg3 Rd4 28. Rbc2 a4 29. Ne4 Qc6 30. Qa3 g4 31. Bf2 gxf3 32. gxf3 Rxe4 33. fxe4 Qxe4+ 34. Kg1 Bb7 35. Bg3 h5 36. Qc3 h4 37. Bxh4 Qxh4 38. Qg3 Qd4+ 39. Rf2 Rc6 40. Kf1 Rg6 41. Qf4 Qxf4 0-1

[Event "COL-ch sf"]
[Site "Pereira"]
[Date "2024.03.27"]
[Round "4"]
[White "Valderrama Quiceno, Esteban Alberto"]
[Black "Zapata Sanchez, Carlos Mario"]
[Result "1-0"]
[WhiteElo "2428"]
[BlackElo "1707"]
[PlyCount "67"]
[EventDate "2024.03.26"]
[EventType "swiss"]
[EventRounds "11"]
[EventCountry "COL"]
[SourceTitle "CB14_2024"]
[SourceDate "2024.04.01"]
[SourceVersion "1"]
[SourceVersionDate "2024.04.01"]
[SourceQuality "1"]

1. e4 e5 2. Nf3 Nc6 3. Bb5 a6 4. Ba4 Nf6 5. 0-0 b5 6. Bb3 Be7 7. Re1 0-0 8. h3 d6 9. c3 h6 10. d4 Re8 11. Nbd2 Bf8 12. Nf1 Bb7 13. Ng3 Na5 14. Bc2 c5 15. d5 Bc8 16. b3 Nb7 17. Nh2 g6 18. Be3 Bg7 19. Qd2 Kh7 20. Rf1 Qe7 21. f4 Bd7 22. Nf3 Rf8 23. Rf2 Rae8 24. Raf1 Ng8 25. fxe5 dxe5 26. c4 b4 27. Ne1 Bf6 28. Bxh6 Nxh6 29. Rxf6 Nf5 30. exf5 Qxf6 31. fxg6+ fxg6 32. Rxf6 Rxf6 33. Qg5 Rd6 34. Ne4 1-0

[Event "Osasco Tasoko Memorial"]
[Site "Osasco"]
[Date "2024.03.25"]
[Round "8"]
[White "Valderrama Quiceno, Esteban Alberto"]
[Black "Fier, Alexandr"]
[Result "0-1"]
[WhiteElo "2428"]
[BlackElo "2561"]
[PlyCount "102"]
[EventDate "2024.03.18"]
[EventType "tourn"]
[EventRounds "9"]
[EventCountry "BRA"]
[EventCategory "6"]
[SourceTitle "CB13_2024"]
[SourceDate "2024.03.27"]
[SourceVersion "1"]
[SourceVersionDate "2024.03.27"]
[SourceQuality "1"]

1. Nf3 Nf6 2. g3 c5 3. Bg2 Nc6 4. d4 cxd4 5. Nxd4 e5 6. Nxc6 dxc6 7. Qxd8+ Kxd8 8. Nd2 Bc5 9. Nc4 Ng4 10. f3 Be6 11. Na5 Bb4+ 12. Bd2 Ne3 13. Bxb4 Nxc2+ 14. Kf2 Nxb4 15. a3 Na6 16. Nxb7+ Kc7 17. Na5 Kb6 18. b4 Rac8 19. Rhd1 Rhd8 20. f4 exf4 21. gxf4 Rxd1 22. Rxd1 Nb8 23. Rd6 Rc7 24. e4 Rd7 25. Rxd7 Nxd7 26. Ke3 c5 27. Bf1 f6 28. h4 Nb8 29. Kd2 h6 30. Ke3 Nc6 31. Bc4 cxb4 32. Nxc6 Bxc4 33. Nxb4 Kc5 34. Nc2 g6 35. Nd4 a5 36. Nf3 Be6 37. Nd4 Bf7 38. Kd3 g5 39. fxg5 fxg5 40. hxg5 hxg5 41. Ke3 g4 42. Nf5 Be6 43. Kf4 Kc4 44. Ng7 Bc8 45. e5 Kb3 46. e6 Kxa3 47. e7 Bd7 48. e8Q Bxe8 49. Nxe8 a4 50. Nc7 Kb4 51. Nd5+ Kb3 0-1

[Event "El Vendrell op 3rd"]
[Site "El Vendrell"]
[Date "2023.07.15"]
[Round "7"]
[White "Valderrama Quiceno, Esteban Alberto"]
[Black "Lacasa Diaz, Jose Antonio"]
[Result "1-0"]
[WhiteElo "2526"]
[BlackElo "2330"]
[PlyCount "55"]
[EventDate "2023.07.15"]
[EventType "swiss (rapid)"]
[EventRounds "9"]
[EventCountry "ESP"]
[SourceTitle "CBM 215 Extra"]
[Source "ChessBase"]
[SourceDate "2023.09.30"]
[SourceVersion "1"]
[SourceVersionDate "2023.09.30"]
[SourceQuality "1"]

1. Nf3 d5 2. g3 c5 3. Bg2 Nc6 4. d4 e6 5. 0-0 Nf6 6. c4 cxd4 7. Nxd4 Bc5 8. Nb3 Bb6 9. cxd5 exd5 10. Nc3 d4 11. Na4 0-0 12. Bf4 Re8 13. h3 Ne4 14. Qd3 Bf5 15. Qb5 Bg6 16. Rad1 Qf6 17. a3 Nd6 18. Bxd6 Qxd6 19. Nxb6 axb6 20. Qxb6 Be4 21. Rxd4 Qg6 22. Rxe4 Rxe4 23. Bxe4 Qxe4 24. Nc5 Qd5 25. e4 Qd6 26. Nxb7 Qh6 27. Rd1 Rc8 28. Nd6 1-0

[Event "Caribean-chT 24th"]
[Site "San Salvador"]
[Date "2023.07.06"]
[Round "6.1"]
[White "Valderrama Quiceno, Esteban Alberto"]
[Black "Escalona Landi, Samid Eduardo"]
[Result "0-1"]
[WhiteElo "2546"]
[BlackElo "2286"]
[PlyCount "122"]
[EventDate "2023.07.06"]
[EventType "tourn"]
[EventRounds "15"]
[EventCountry "ESA"]
[SourceTitle "CBM 215 Extra"]
[Source "ChessBase"]
[SourceDate "2023.09.30"]
[SourceVersion "1"]
[SourceVersionDate "2023.09.30"]
[SourceQuality "1"]
[WhiteTeam "Colombia"]
[BlackTeam "Venezuela"]
[WhiteTeamCountry "COL"]
[BlackTeamCountry "VEN"]

1. Nf3 Nf6 2. g3 g6 3. Bg2 Bg7 4. 0-0 0-0 5. c4 d6 6. d4 c6 7. Nc3 Bf5 8. Ne1 e5 9. d5 cxd5 10. cxd5 a5 11. e4 Bd7 12. a4 Na6 13. Nd3 Nb4 14. Re1 Qb8 15. Bf1 Rc8 16. h3 Na6 17. Be3 Be8 18. Rc1 b6 19. Kh2 Nd7 20. Nb5 Ndc5 21. Nxc5 Nxc5 22. f3 Bd7 23. Rc3 Rf8 24. Bxc5 bxc5 25. Rb3 Qd8 26. Nc3 f5 27. Bg2 Rb8 28. Qc2 Rb4 29. Bf1 Rxa4 30. Nxa4 Bxa4 31. exf5 gxf5 32. Qc4 Bxb3 33. Qxb3 e4 34. fxe4 f4 35. Bg2 fxg3+ 36. Qxg3 Kh8 37. Kh1 Be5 38. Qe3 Bxb2 39. Rb1 Bd4 40. Qh6 Qf6 41. Qh5 Qg6 42. Qxg6 hxg6 43. Rb6 Ra8 44. Bf1 a4 45. Bc4 Be5 46. Kg2 a3 47. Ba2 Kg7 48. Kf3 Rf8+ 49. Kg2 Bd4 50. Bc4 a2 51. Rb7+ Kh6 52. Bxa2 Rf2+ 53. Kg3 Rxa2 54. h4 Be5+ 55. Kf3 Rh2 56. Re7 Rh3+ 57. Ke2 Rxh4 58. Kd3 Rh3+ 59. Kc4 Kg5 60. Kb5 Rb3+ 61. Kc6 c4 0-1

[Event "Caribean-chT 24th"]
[Site "San Salvador"]
[Date "2023.07.06"]
[Round "10.1"]
[White "Valderrama Quiceno, Esteban Alberto"]
[Black "Gabriel, Davidson"]
[Result "1-0"]
[WhiteElo "2546"]
[BlackElo "2009"]
[PlyCount "71"]
[EventDate "2023.07.06"]
[EventType "tourn"]
[EventRounds "15"]
[EventCountry "ESA"]
[SourceTitle "CBM 215 Extra"]
[Source "ChessBase"]
[SourceDate "2023.09.30"]
[SourceVersion "1"]
[SourceVersionDate "2023.09.30"]
[SourceQuality "1"]
[WhiteTeam "Colombia"]
[BlackTeam "Haiti"]
[WhiteTeamCountry "COL"]
[BlackTeamCountry "HAI"]

1. c4 e6 2. g3 Nf6 3. Bg2 d5 4. Nf3 Be7 5. 0-0 0-0 6. d4 c6 7. Qc2 dxc4 8. a4 a5 9. Qxc4 Na6 10. Nc3 Nb4 11. Qb3 b6 12. Rd1 Bb7 13. Ne5 Nd7 14. Nc4 Qc8 15. e4 Rd8 16. Bf4 Ba6 17. Nd6 Bxd6 18. Bxd6 Nd3 19. e5 c5 20. Nb5 c4 21. Qc3 Nb4 22. Bxa8 Qxa8 23. Nc7 Qb7 24. Nxa6 Qxa6 25. Bxb4 axb4 26. Qxb4 Nb8 27. Qb5 Qa7 28. Qxc4 Qd7 29. Rac1 h6 30. h4 Qa7 31. d5 exd5 32. Rxd5 Rxd5 33. Qxd5 Na6 34. Rc8+ Kh7 35. Qd3+ g6 36. Qd8 1-0

[Event "Caribean-chT Rapid 24th"]
[Site "San Salvador"]
[Date "2023.07.03"]
[Round "5.2"]
[White "Ibarra Chami, Luis Fernando"]
[Black "Valderrama Quiceno, Esteban Alberto"]
[Result "0-1"]
[WhiteElo "2429"]
[BlackElo "2526"]
[PlyCount "80"]
[EventDate "2023.07.03"]
[EventType "tourn (rapid)"]
[EventRounds "15"]
[EventCountry "ESA"]
[SourceTitle "CBM 215 Extra"]
[Source "ChessBase"]
[SourceDate "2023.09.30"]
[SourceVersion "1"]
[SourceVersionDate "2023.09.30"]
[SourceQuality "1"]
[WhiteTeam "Mexico"]
[BlackTeam "Colombia"]
[WhiteTeamCountry "MEX"]
[BlackTeamCountry "COL"]

1. e4 d5 2. exd5 Qxd5 3. Nc3 Qd6 4. d4 Nf6 5. Nf3 a6 6. g3 Bg4 7. Bg2 Nc6 8. 0-0 0-0-0 9. h3 Bh5 10. Bf4 Qb4 11. g4 Bg6 12. a3 Qxb2 13. Qe1 e6 14. Ne5 Nd5 15. Nxd5 exd5 16. Nxc6 bxc6 17. Bg5 Bd6 18. Bxd8 Rxd8 19. Qe3 Kd7 20. c4 Re8 21. Qf3 Qxd4 22. cxd5 cxd5 23. Qxd5 Qxd5 24. Bxd5 a5 25. a4 Re2 26. Rac1 Rb2 27. Rfe1 Bb4 28. Red1 Bd6 29. Rc4 h5 30. f4 hxg4 31. hxg4 f5 32. g5 Bh5 33. Re1 Re2 34. Kf1 Rh2 35. Be6+ Kd8 36. Bxf5 Bf3 37. Be4 Bh5 38. Bc6 Rh4 39. Ree4 Bf7 40. f5 Bxc4+ 0-1

[Event "Cali Valle Colombia op-A"]
[Site "Cali Valle Colombia"]
[Date "2022.12.29"]
[Round "8"]
[White "Mirzoev, Azer"]
[Black "Valderrama Quiceno, Esteban Alberto"]
[Result "1/2-1/2"]
[WhiteElo "2471"]
[BlackElo "2435"]
[PlyCount "28"]
[EventDate "2022.12.26"]
[EventType "swiss"]
[EventRounds "9"]
[EventCountry "COL"]
[SourceTitle "CBM 211 Extra"]
[Source "ChessBase"]
[SourceDate "2023.01.31"]
[SourceVersion "1"]
[SourceVersionDate "2023.01.31"]
[SourceQuality "1"]

1. c4 Nf6 2. Nc3 g6 3. g3 Bg7 4. Bg2 0-0 5. Nf3 d6 6. d4 Nc6 7. 0-0 Bf5 8. b3 Ne4 9. Bb2 Nxc3 10. Bxc3 Be4 11. Rc1 e5 12. dxe5 dxe5 13. Qxd8 Rfxd8 14. Rfd1 h6 1/2-1/2

[Event "Sabaneta op-A 1st"]
[Site "Sabaneta"]
[Date "2022.11.27"]
[Round "3"]
[White "Cordoba Roa, Angel Gabriel"]
[Black "Valderrama Quiceno, Esteban Alberto"]
[Result "1/2-1/2"]
[WhiteElo "2126"]
[BlackElo "2439"]
[PlyCount "40"]
[EventDate "2022.11.25"]
[EventType "swiss"]
[EventRounds "10"]
[EventCountry "COL"]
[SourceTitle "CBM 211 Extra"]
[Source "ChessBase"]
[SourceDate "2023.01.31"]
[SourceVersion "1"]
[SourceVersionDate "2023.01.31"]
[SourceQuality "1"]

1. e4 d6 2. d4 Nf6 3. Nc3 g6 4. f4 Bg7 5. Nf3 0-0 6. Bd3 Na6 7. 0-0 c5 8. d5 Bg4 9. h3 Bxf3 10. Rxf3 Nc7 11. a4 a6 12. a5 Nb5 13. Bd2 Rc8 14. Ra4 Nd4 15. Rf2 e6 16. dxe6 fxe6 17. Be3 Kh8 18. Ne2 Nc6 19. Qd2 Qe7 20. c3 Rfe8 1/2-1/2

[Event "Sabaneta op-A 1st"]
[Site "Sabaneta"]
[Date "2022.11.26"]
[Round "2"]
[White "Valderrama Quiceno, Esteban Alberto"]
[Black "Paredes Lagos, Anthony Javier"]
[Result "1/2-1/2"]
[WhiteElo "2439"]
[BlackElo "2230"]
[PlyCount "86"]
[EventDate "2022.11.25"]
[EventType "swiss"]
[EventRounds "10"]
[EventCountry "COL"]
[SourceTitle "CBM 211 Extra"]
[Source "ChessBase"]
[SourceDate "2023.01.31"]
[SourceVersion "1"]
[SourceVersionDate "2023.01.31"]
[SourceQuality "1"]

1. Nf3 d5 2. g3 Nd7 3. d4 Nb6 4. Bg2 Bf5 5. 0-0 e6 6. Bg5 Be7 7. Bxe7 Qxe7 8. Nbd2 Nf6 9. c4 c6 10. Qb3 dxc4 11. Nxc4 Nxc4 12. Qxc4 Be4 13. Rfd1 0-0 14. e3 a5 15. Rd2 a4 16. Ne5 Bxg2 17. Kxg2 Ra5 18. Rc1 Rd8 19. Nd3 e5 20. dxe5 Rxe5 21. Re2 Red5 22. Nf4 Ra5 23. h4 Ne4 24. f3 Nf6 25. e4 Qe5 26. Qc3 Qxc3 27. Rxc3 h6 28. Nd3 Nd7 29. f4 h5 30. Kf3 Rb5 31. e5 Nb6 32. Nc5 Rd1 33. a3 Nd5 34. Rcc2 b6 35. Ne4 Rb3+ 36. Kf2 Ne7 37. Red2 Rxd2+ 38. Rxd2 Nd5 39. Rc2 Ne7 40. Rd2 Nd5 41. Rc2 Ne7 42. Nd2 Rd3 43. Nc4 Nd5 1/2-1/2

[Event "COL-chT Rapid"]
[Site "Santa Marta"]
[Date "2022.11.05"]
[Round "6.2"]
[White "Barrientos Chavarriaga, Sergio E"]
[Black "Valderrama Quiceno, Esteban Alberto"]
[Result "0-1"]
[WhiteElo "2441"]
[BlackElo "2517"]
[PlyCount "114"]
[EventDate "2022.11.02"]
[EventType "team-swiss"]
[EventRounds "7"]
[EventCountry "COL"]
[SourceTitle "CBM 211 Extra"]
[Source "ChessBase"]
[SourceDate "2023.01.31"]
[SourceVersion "1"]
[SourceVersionDate "2023.01.31"]
[SourceQuality "1"]
[WhiteTeam "Risaralda"]
[BlackTeam "Antioquia"]
[WhiteTeamCountry "COL"]
[BlackTeamCountry "COL"]

1. d4 d5 2. c4 dxc4 3. Nf3 Nf6 4. e3 e6 5. Bxc4 c5 6. 0-0 a6 7. Re1 b5 8. Bb3 Bb7 9. Nc3 cxd4 10. exd4 Be7 11. Ne5 0-0 12. Qd3 Nc6 13. Nf3 Nb4 14. Qe2 Nbd5 15. Bg5 h6 16. Bd2 Rc8 17. Ne5 Qd6 18. Ne4 Qb6 19. Nxf6+ Nxf6 20. Qd3 Rcd8 21. Bxh6 Qxd4 22. Qxd4 Rxd4 23. Be3 Rdd8 24. Rac1 Bd6 25. Nc6 Rc8 26. Na5 Ba8 27. a3 Ng4 28. Bb6 Bxh2+ 29. Kf1 Rxc1 30. Rxc1 Be5 31. f3 Nf6 32. Rc2 Nd5 33. Bf2 Bf6 34. Nc6 Nf4 35. a4 Nd3 36. axb5 axb5 37. Be3 Nxb2 38. Nb4 Na4 39. Na6 Nc3 40. Bd2 Bd5 41. Bxd5 Nxd5 42. Ke2 Ra8 43. Nc5 Rc8 44. Kd3 Be7 45. Ne4 Rxc2 46. Kxc2 f5 47. Nf2 Kf7 48. Nd3 Bd6 49. Bc1 e5 50. Bd2 Ke6 51. Kb3 e4 52. fxe4 fxe4 53. Ne1 Kf5 54. Nc2 Bc5 55. Ne1 Kg4 56. Kc2 Kg3 57. Bg5 Bf2 0-1